| 000 | 00786nam0a22002771 4500 | ||
|---|---|---|---|
| 001 | RU\NLR\A1SV\32108 | ||
| 005 | 20251203171251.9 | ||
| 035 | _a(NLR Aleph) 009715986 | ||
| 090 |
_a9855193 _c9855193 |
||
| 100 | _a20000411d1926 u y0rusy50 ca | ||
| 101 | 0 | _arus | |
| 102 | _aRU | ||
| 200 | 1 |
_aЧто должен знать член кредитного товарищества _fС.Горелик |
|
| 210 |
_aЛ. _cПрибой _d1926 |
||
| 215 |
_a36, [1] с. _d19 см |
||
| 620 | _dСанкт-Петербург | ||
| 700 | 1 |
_aГорелик _bС.С. _gСоломон Савельевич _4070 |
|
| 801 | 0 |
_aRU _bNLR _c20000411 |
|
| 852 |
_aNLR _j36/742 |
||
| 899 | _aРКП | ||
| 899 | _aРГБ | ||
| 899 | _aNLG | ||
| 942 | _cBOOK | ||
| 980 | _aNB | ||
| 980 | _aA1SV | ||